00214nam a22000977a 4500020001800000082001000018100001600028245002700044260003600071300000900107 a9789380540610 a070.4 aR.Choudhary aElements of journalism aNew DelhibCentrum pressc2010. a301p